000 00531nam a22001577a 4500
003 macl
005 20200131124358.0
008 200131b xxu||||| |||| 00| 0 eng d
040 _cmacl
082 _a800
100 _aप्रभाकर सिंह
_977972
245 _aआधुनिक साहित्‍य विकास और विमर्श
260 _aकोलकता
_bप्रतिश्रुति प्रकाशन
_c2018
650 _aसाहित्‍य
_977973
942 _2ddc
_cHIN
999 _c61906
_d61906